000 00740nam a2200229Ia 4500
003 OSt
005 20220208100103.0
008 210716s2010 xx 000 0 und d
020 _a9789350246733
040 _cAIMIT LIBRARY
041 _aeng
082 _a658.4
_21
_bRAOP
100 _aRao, P Subba.
_917508
245 _aOrganisational behaviour:
_btext, cases and games.
_cBy P. Subba Rao.
250 _a1st ed.
260 _aNew Delhi :
_bHimalaya Publishing House ,
_c2010.
300 _a552p. ;
_c27.5 cm.
650 _aJob design and alternate work arrangement
_917509
650 _aPerception and learning
_917510
650 _aValues attitudes emotions moods and job satisfaction
_917511
942 _2ddc
_cBK
_e1st
_k658.4 RAOP
999 _c207537
_d207537